000 00597nmm a2200253 a 4500
003 AR-BaBNM
005 20251128205512.0
008 147119s1985 ||||||||||||||000 | spa||
020 _a950-556-156-8
040 _cAR-BaBNM
100 1 _aTirri, Néstor
245 1 0 _aLa piedra madre
260 _aBuenos Aires
_bGalerna
_c1985
300 _a216 p.
_bil.
650 4 _aLITERATURA ARGENTINA
650 4 _aLITERATURA CONTEMPORANEA
650 4 _aHUMOR
650 4 _aNOVELAS
650 4 _aAUTOBIOGRAFIAS
653 _aMEMORIAS
655 _aLITERATURA
942 _cBK
998 _cMARTIN
999 _c11656
_d11656